000
00174nam a2200073Ia 4500
008
170523s9999 xx 000 0 und d
100
_a
Pandey- P.C.
245
0
_a
Modern Machining Processes
260
_a
T.M.H.
999
_c
12245
_d
12245